header

Governmental transparency in the path of administrative reform (Record no. 189533)

MARC details
000 -LEADER
fixed length control field 01798nam a2200409Ia 4500
082 04 - DEWEY DECIMAL CLASSIFICATION NUMBER
Classification number 352.3/670973
100 1# - MAIN ENTRY--AUTHOR NAME
Personal name Piotrowski, Suzanne J.,
245 10 - TITLE STATEMENT
Title Governmental transparency in the path of administrative reform
260 ## - PUBLICATION, DISTRIBUTION, ETC. (IMPRINT)
Place of publication Albany :
Name of publisher State University of New York Press,
Year of publication c2007.
300 ## - PHYSICAL DESCRIPTION
Number of Pages x, 139 p. :
Other physical details ill.
650 #0 - SUBJECT ADDED ENTRY--TOPICAL TERM
Topical Term Government information
Topical Term Administrative agencies
Topical Term Freedom of information
Topical Term Public records
Topical Term Transparency in government
856 40 - ELECTRONIC LOCATION AND ACCESS
Uniform Resource Identifier http://site.ebrary.com/lib/rucke/Doc?id=10575948

No items available.

© 2026 Rongo University
Contact us: librarian | system librarian | Rongo university